Le due amiche : corrispondenza tra due giovani parigine raccolte da un autore alla moda.
Gorde:
| Egile nagusia: | |
|---|---|
| Formatua: | Liburua |
| Hizkuntza: | italiera |
| Argitaratua: |
Roma :
EAR,
?1969??
|
| Saila: | Eros ;
9 |
| Etiketak: |
Etiketarik gabe, Izan zaitez lehena erregistro honi etiketa jartzen!
|
MARC
| LEADER | 00000nam a22000001i 4500 | ||
|---|---|---|---|
| 001 | IT\ICCU\SBL\0105027 | ||
| 003 | ItRI | ||
| 005 | 20260220163231.0 | ||
| 008 | 910930s1969 it |||||| ||||| |||||c | ||
| 015 | |2 IT |a 698697 | ||
| 040 | |b ita |c ct | ||
| 041 | 7 | |a ita |2 ISO-639-2 | |
| 082 | |a 843.8 |2 16 | ||
| 082 | |a 843.8 |2 17 | ||
| 100 | 1 | |a Droz, Gustave |0 IT\ICCU\SBLV\064284 |4 aut | |
| 240 | 1 | 3 | |a Un paquet de lettres . |9 Droz, Gustave |
| 245 | 1 | 3 | |a Le due amiche : |b corrispondenza tra due giovani parigine raccolte da un autore alla moda. |
| 260 | |a Roma : |b EAR, |c ?1969?? | ||
| 300 | |a 180 p. ; |c 20 cm | ||
| 500 | |a In testa al front.: Gustavo Droz . | ||
| 830 | 0 | |a Eros ; |v 9 |0 IT\ICCU\RAV\0180263 | |
| 942 | |2 ddc |c BK | ||
| 952 | |0 0 |1 0 |2 ddc |4 0 |7 0 |9 7184 |a MI |b MI |d 1988-03-07 |i 891 |l 0 |p CDOM891 |r 2025-07-13 16:28:32 |w 2025-07-13 |x ACQUISTO |y BK | ||
| 952 | |0 0 |1 0 |4 0 |6 L_843_800000000000000_DRO |7 0 |9 22267 |a BO |b BO |d 2026-01-15 |i 379 |l 0 |o L 843.8 DRO |p BO379 |r 2026-01-15 23:22:23 |w 2026-01-15 |x [Sebina 5] [1 v.] |y BK |z 1 v. | ||
| 999 | |c 5879 |d 5879 | ||